Quizzes
Events
Quiz Creation
Community
Videos
Private Events
Remove Ads
Sign In
Join for FREE
Feedback
Dark Mode
Quiz Categories
Sports
Geography
Music
Movies
Television
Just For Fun
Miscellaneous
History
Literature
Language
Science
Gaming
Entertainment
Religion
Holiday
For Kids
Quiz Lab
Recent
Popular Today
Quiz Kudos Today
Editor Picks
Curator Picks
Quizzes by...
Day
Popularity
Type
Ratings
Length
Year
Community
Subscriptions
Recent Discussions
Orange Saloon
Badges
Playlists
Quests
Create
Leaderboards
Showdown
Live 5
Trivia Bingo
Activity
Puzzle Library
Sporcle Events
Private Events
Virtual Trivia
Globe League
Become a Host
Pub Owners
SporcleCon
Opinionation
Our Games
Videos
Blog
Mobile Apps
Partnerships
Remove Ads and Go Orange
Feedback
Holiday
Halloween
Christmas
Holiday Songs
April Fools'
Thanksgiving
Valentine's Day
Easter
St Patrick's Day
National Holiday
Religious Holiday
Holiday
Halloween
Christmas
Holiday Songs
April Fools'
Thanksgiving
Valentine's Day
Easter
St Patrick's Day
National Holiday
Religious Holiday
Random Quiz
Search Sporcle
×
Quiz Lab
Quiz Lab
Holiday
Popular
Type in answers that appear in a list
Type in answers that appear in a list
Classic
Best Score? Go Orange.
Popular US Holidays/Events Stats
Can you name the Popular US Holidays/Events?
By
shmekie
10m
40 Questions
746 Plays
746 Plays
746 Plays
Comments
Comments
Give Quiz Kudos
Give Quiz Kudos
-
- Ratings
hide this ad
Replay
Link that replays current quiz
Next Quiz
Link to next quiz in quiz playlist
You Got
0%
They Got
Avg Score
23%
Avg Friend Score
Upgrade to see
Score Distribution
Jump to the score distribution portion of the page
Score
0/100
Timer
10:00
0
Plays Today
Date
Holiday/Event
% Correct
January 1st
New Year's Day
98.4%
December 25th
Christmas Day
82.3%
July 4th
Independence Day
81.6%
3rd Monday in January
MLK Jr.'s bday
80.4%
Varying date in Spring
Easter
78.9%
October 31st
Halloween
78.4%
1st Monday in September
Labor Day
78.3%
4th Thursday in November
Thanksgiving
78.1%
April 1st
April Fool's Day
76.6%
December 31st
New Year's Eve
76.5%
3rd Sunday in June
Father's Day
73.7%
2nd Sunday in May
Mother's Day
73.3%
December 24th
Christmas Eve
72.9%
February 2nd
Groundhog Day
72.8%
Last Monday in May
Memorial Day
72.1%
March 17th
St. Patrick's Day
68.6%
2nd Monday in October
Columbus Day
67.4%
First Sunday in February
Superbowl Sunday
67.2%
April 22nd
Earth Day
66.7%
May 5th
Cinco de Mayo
66.6%
Date
Holiday/Event
% Correct
Friday after above
Black Friday
65.8%
January 20th (Every 4 Years)
Inauguration Day
65.2%
November 11th
Veteran's Day
63.9%
February 12th
Lincoln's Birthday
62%
3rd Monday in February
George Washington's Birthday
59.7%
Varying date in February/
March
Mardi Gras
56.4%
Last Friday in April
Arbor Day
53.8%
February 14th
St. Valentine's Day
50.6%
April 15th/
Closest Business Day
Tax Day
47.7%
1st Sunday after above
Grandparent's Day
47.7%
June 14th
Flag Day
46.2%
December 7th
Pearl Harbor Day
41.7%
Varying date in September/
October
Yom Kippur
37.4%
16-
days in Late September/
Early October
Oktoberfest
35.3%
November 1st
Day of the Dead
34.4%
Varying date in December
Hanukkah
30.1%
Late March/
Early April
Good Friday
26.7%
Varying date in September/
October
Rosh Hashanah
25.4%
September 11th
Patriot Day
22.1%
Tuesday in February/
March
Super Tuesday
13.2%
Quiz Playlist
Details
Report
Send in Message
Add To Playlist
Classic:
Type in answers that appear in a list
Last Updated: Feb 16, 2017
Quiz Scoreboard
CHALLENGE
Sign Up to Join the Scoreboard
Show All
Scores
Hide
Comments
May contain spoilers
Recently Published
Billboard Blitz: Fleetwood Mac
by CooCooCachoo
Music
15s
Presidents Visiting Landmarks
by Hejman
History
7m
An Introduction to Baseball
by treessimontrees
Sports
5m
More to Explore
Quiz From the Vault
Featured Blog Post
Where Did the Easter Bunny Come From?
hide this ad
You Might Also Like...
Tags
Popular Quiz
date
Event
US Holidays
Today's Top Quizzes in Holiday
Browse Holiday
hide this ad
Today's Top Quizzes in Popular
Browse Popular
Top Contributed Quizzes in Holiday
1
5-to-1: Holiday Songs
2
5-to-1: Thanksgiving
3
Easter - Did You Know?
4
Word Ladder: Four Leaf Clover
5
Show What You Know: US Federal Holidays
6
Slices of Holidays
7
A 50/50 Shot: Christmas Edition
8
The Holiday Category, A to Z
9
Holidays Spelling Bee
10
3-per Word Ladder: Listen Up!
Explore More
Trending Topics
NBA
Crossword
Disney
Harry Potter
Marvel
Anime
Kpop
The Office
WWE
Puzzle
Soccer
Song
NFL
Country
Pokémon
hide this ad
More By:
shmekie
Quiz
Plays
Rating
Category
Featured
Created
Awesomely Bad Songs
121,858
3.08
Music
Sep 30, 2009
Band of Brothers
4,639
4.20
Television
Sep 30, 2009
Characters from LOST
2,291
3.44
Television
Sep 27, 2009
Yankees Opening Day Lineups ('95-'09)
1,892
2.90
Sports
Sep 27, 2009
Will Smith Movies A-Z
578
3.00
Movies
Sep 28, 2009
Go to Creator's Profile
Score Distribution
Quiz Creator Spotlight
shmekie
Follow
Send a Message
Quizzes Created
-
Created Quiz Play Count
-
More By This Creator
Popular Quizzes Today
1
Find the US States - No Outlines Minefield
2
Find the Countries of Europe - No Outlines Minefield
3
The Countries of the World
4
Find the US States
5
US States
6
Risky Map Clicking: Biggest States A-Z
7
Popular People in 1961
8
Movies - When Are They Set?
More Holiday Quizzes
Six Letter Holiday A-Z
Editor's Pick
Trending Quizzes
Risky Map Clicking: Least Populous States A-Z
1-10 Letter G Words
1-10 Letter F Words
Risky Map Clicking: Next State Alphabetically
Risky Map Clicking: Biggest States A-Z
Recently Updated
Leaping Animals
pecheneg
Reality TV Shows (A-Z)
bhenderson79
Rickey Henderson's Hall of Fame Teammates
pecheneg
Champions League XIs: Arsenal
pecheneg
Quick Pick: Celebrities in WWE's Hall of Fame
aduchscher
A-Z Keypad Blitz II
pecheneg
Multiple Oscar Actors
pecheneg
Mystery Phrase Blitz: Oscar 'Best Actors'
pecheneg
F. Scott Fitzgerald Novels
LTH
Pick 3 Villains
ddd62291
Trending Topics
Crossword
Kpop
NBA
Marvel
Harry Potter
Disney
Anime
Soccer
Country
NFL
Song
Puzzle
The Office
WWE
Pokémon
Your Account Isn't Verified!
In order to create a playlist on Sporcle, you need to verify the email address you used during registration. Go to your
Sporcle Settings
to finish the process.
Report this User
Report this user for behavior that violates our
Community Guidelines
.
Details:
Send Report
Go to the Sporcle.com Mobile Site →
Comments